000 00318nam a2200145Ia 4500
100 _aRanganathan/T.S
650 _aBiomedical instrumentation
942 _cRB
654 _ahuman
245 _aTextbool of human Anatomy
260 _bS.Chand & C0
_c1982
082 _a611
_bRAN
300 _a796
546 _aENGLISH
999 _c29664
_d29664